[Event "Helsingor Xtracon op"]
[Site "Helsingor"]
[Date "2019.07.26"]
[Round "8"]
[White "Stage, Allan Juul"]
[Black "Iskos, Lukas"]
[Result "1-0"]
[WhiteElo "1855"]
[BlackElo "1622"]
[PlyCount "65"]
[EventDate "2019.07.20"]
[EventType "swiss"]
[EventRounds "10"]
[EventCountry "DEN"]
[SourceTitle "CBM 191 Extra"]
[Source "ChessBase"]
[SourceDate "2019.09.30"]
[SourceVersion "1"]
[SourceVersionDate "2019.09.30"]
[SourceQuality "1"]

1. d4 Nf6 2. Bf4 e6 3. e3 d5 4. Nd2 Bd6 5. Bg3 0-0 6. c3 c5 7. Bd3 b6 8. Qc2 Bb7 9. Bh4 h6 10. Ngf3 c4 11. Be2 Nc6 12. Bg3 Qc7 13. e4 Bxg3 14. hxg3 Rad8 15. e5 Ne4 16. Nxe4 dxe4 17. Nd2 b5 18. Nxe4 Rxd4 19. cxd4 Nxd4 20. Qc3 Qxe5 21. Rd1 Rd8 22. Rxd4 Qxd4 23. Qxd4 Rxd4 24. Nc3 b4 25. Nb5 Rd7 26. Rh4 Bc6 27. Rxc4 Bxb5 28. Rc8+ Kh7 29. Bxb5 Rd5 30. Be2 Ra5 31. Bc4 Rh5 32. Rc7 Rh1+ 33. Ke2 1-0

[Event "Helsingor Xtracon op"]
[Site "Helsingor"]
[Date "2019.07.20"]
[Round "1"]
[White "Pantzar, Milton"]
[Black "Stage, Allan Juul"]
[Result "1-0"]
[WhiteElo "2357"]
[BlackElo "1855"]
[PlyCount "91"]
[EventDate "2019.07.20"]
[EventType "swiss"]
[EventRounds "10"]
[EventCountry "DEN"]
[SourceTitle "CBM 191 Extra"]
[Source "ChessBase"]
[SourceDate "2019.09.30"]
[SourceVersion "1"]
[SourceVersionDate "2019.09.30"]
[SourceQuality "1"]

1. d4 d5 2. c4 c6 3. Nf3 Nf6 4. Nc3 g6 5. Bf4 Bg7 6. e3 0-0 7. Bd3 Nh5 8. Be5 f6 9. Bxb8 Rxb8 10. cxd5 cxd5 11. Qb3 Kh8 12. Qxd5 Qxd5 13. Nxd5 e5 14. dxe5 fxe5 15. Be4 Bf5 16. Nd2 Rbd8 17. Nc3 Rf7 18. Ke2 Rfd7 19. Rhd1 Be6 20. Nf3 Rxd1 21. Rxd1 Rxd1 22. Kxd1 b6 23. Ng5 Bg8 24. Bd5 Bf6 25. Nge4 Be7 26. Bxg8 Kxg8 27. Ke2 Kf7 28. Kd3 Ke6 29. Kc4 a6 30. a4 Ng7 31. g4 Ne8 32. b4 Nc7 33. h3 a5 34. bxa5 bxa5 35. Nb5 Na6 36. Na7 h5 37. Kb5 Nc7+ 38. Kb6 Kd5 39. f3 hxg4 40. hxg4 Ne6 41. Kxa5 Nc5 42. Kb5 Nxe4 43. fxe4+ Kxe4 44. a5 Bg5 45. a6 Bxe3 46. Nc8 1-0

[Event "Bronshoj-ch B"]
[Site "Bronshoj"]
[Date "2016.05.29"]
[Round "8"]
[White "Stage, Allan Juul"]
[Black "Sorensen, Per Settergren"]
[Result "0-1"]
[WhiteElo "1878"]
[BlackElo "1975"]
[PlyCount "44"]
[EventDate "2016.03.17"]
[EventType "swiss"]
[EventRounds "9"]
[EventCountry "DEN"]
[SourceTitle "EXT 2024"]
[Source "ChessBase"]
[SourceDate "2023.10.10"]
[SourceVersion "1"]
[SourceVersionDate "2023.10.10"]
[SourceQuality "1"]

1. Nf3 d5 2. d4 Nf6 3. g3 g6 4. Bg2 Bg7 5. 0-0 0-0 6. b3 c5 7. Bb2 cxd4 8. Nbd2 Re8 9. Bxd4 Nc6 10. Bb2 e5 11. Re1 e4 12. Nd4 e3 13. fxe3 Ng4 14. Nf1 Qf6 15. Bf3 Nxe3 16. Nxe3 Nxd4 17. Kf2 Rxe3 18. Kxe3 Nf5+ 19. Kf2 Qxb2 20. Qxd5 Qd4+ 21. Qxd4 Bxd4+ 22. Kg2 Ne3+ 0-1

[Event "Bronshoj-ch B"]
[Site "Bronshoj"]
[Date "2015.??.??"]
[Round "3"]
[White "Andersen, Niels Erik"]
[Black "Stage, Allan Juul"]
[Result "1/2-1/2"]
[WhiteElo "1900"]
[BlackElo "1929"]
[PlyCount "40"]
[EventDate "2015.03.05"]
[EventType "tourn"]
[EventRounds "9"]
[EventCountry "DEN"]
[SourceTitle "EXT 2024"]
[Source "ChessBase"]
[SourceDate "2023.10.10"]
[SourceVersion "1"]
[SourceVersionDate "2023.10.10"]
[SourceQuality "1"]

1. d4 Nf6 2. c4 g6 3. Nc3 Bg7 4. e4 d6 5. f3 0-0 6. Be3 e5 7. Nge2 Nh5 8. Qd2 exd4 9. Nxd4 Nc6 10. Be2 Nxd4 11. Bxd4 Bxd4 12. Qxd4 Qh4+ 13. g3 Qf6 14. Qd2 Be6 15. 0-0 Qe5 16. Kg2 f5 17. Rac1 Nf6 18. Bd3 fxe4 19. Bxe4 Qh5 20. Rf2 Nxe4 1/2-1/2

[Event "Bronshoj-ch B"]
[Site "Bronshoj"]
[Date "2015.??.??"]
[Round "6"]
[White "Stage, Allan Juul"]
[Black "Andersen, Henrik"]
[Result "1/2-1/2"]
[WhiteElo "1929"]
[BlackElo "1945"]
[PlyCount "25"]
[EventDate "2015.03.05"]
[EventType "tourn"]
[EventRounds "9"]
[EventCountry "DEN"]
[SourceTitle "EXT 2024"]
[Source "ChessBase"]
[SourceDate "2023.10.10"]
[SourceVersion "1"]
[SourceVersionDate "2023.10.10"]
[SourceQuality "1"]

1. e4 c5 2. Nc3 e6 3. Qe2 Nc6 4. Nf3 Be7 5. g3 d5 6. exd5 exd5 7. Bg2 Nf6 8. 0-0 d4 9. Ne4 0-0 10. Nxf6+ Bxf6 11. Re1 Bf5 12. d3 Re8 13. Qxe8+ 1/2-1/2

[Event "Bronshoj-ch B"]
[Site "Bronshoj"]
[Date "2015.??.??"]
[Round "8"]
[White "Stage, Allan Juul"]
[Black "Sorensen, Dick"]
[Result "0-1"]
[WhiteElo "1929"]
[BlackElo "1948"]
[PlyCount "68"]
[EventDate "2015.03.05"]
[EventType "tourn"]
[EventRounds "9"]
[EventCountry "DEN"]
[SourceTitle "EXT 2024"]
[Source "ChessBase"]
[SourceDate "2023.10.10"]
[SourceVersion "1"]
[SourceVersionDate "2023.10.10"]
[SourceQuality "1"]

1. d4 d5 2. c4 e6 3. Nc3 f5 4. cxd5 exd5 5. Nf3 c6 6. Bf4 Bd6 7. Ne5 Nf6 8. e3 0-0 9. Be2 Be6 10. h3 Qe7 11. Bg5 Nbd7 12. f4 Rfc8 13. g4 b5 14. Qb3 Nb6 15. Bd3 Nc4 16. gxf5 Bf7 17. Kf2 h6 18. Bxf6 Qxf6 19. Ne2 Qh4+ 20. Ng3 Nxe3 21. Kf3 Nc4 22. Qc2 c5 23. Bxc4 cxd4 24. Qd2 Bxe5 25. fxe5 dxc4 26. e6 Be8 27. Qf4 Bc6+ 28. Ne4 Qf6 29. Kg3 Bxe4 30. Qxe4 c3 31. b3 Qg5+ 32. Kf3 c2 33. Rhg1 Rc3+ 34. Ke2 Re3+ 0-1